Juvenile justice (Record no. 1917)

000 -LEADER
fixed length control field nam a22 a 4500
005 - DATE AND TIME OF LATEST TRANSACTION
control field 20170512120554.0
008 - FIXED-LENGTH DATA ELEMENTS--GENERAL INFORMATION
fixed length control field 170512b1979 xxu||||| |||| 00| 0 eng d
020 ## - INTERNATIONAL STANDARD BOOK NUMBER
International Standard Book Number 0876205023
040 ## - CATALOGING SOURCE
Original cataloging agency AKMAL
082 ## - DEWEY DECIMAL CLASSIFICATION NUMBER
Classification number 345.73 RUB
090 ## - LOCALLY ASSIGNED LC-TYPE CALL NUMBER (OCLC); LOCAL CALL NUMBER (RLIN)
Classification number (OCLC) (R) ; Classification number, CALL (RLIN) (NR) 345.73
Local cutter number (OCLC) ; Book number/undivided call number, CALL (RLIN) RUB
100 ## - MAIN ENTRY--PERSONAL NAME
Personal name Rubin, H. Ted
Dates associated with a name 1926-
9 (RLIN) 3984
245 10 - TITLE STATEMENT
Title Juvenile justice
Remainder of title policy, practice, and law /
Statement of responsibility, etc. H. Ted Rubin.
260 ## - PUBLICATION, DISTRIBUTION, ETC.
Place of publication, distribution, etc. Santa Monica, Calif.
Name of publisher, distributor, etc. Goodyear
Date of publication, distribution, etc. [1979]
300 ## - PHYSICAL DESCRIPTION
Extent xvii,299p
Dimensions 24cm
650 ## - SUBJECT ADDED ENTRY--TOPICAL TERM
Topical term or geographic name entry element Juvenile justice, Administration of
Geographic subdivision United States.
9 (RLIN) 3985
650 ## - SUBJECT ADDED ENTRY--TOPICAL TERM
Topical term or geographic name entry element Juvenile courts.
Geographic subdivision United States.
9 (RLIN) 3986
942 ## - ADDED ENTRY ELEMENTS (KOHA)
Source of classification or shelving scheme
Koha item type Book
Holdings
Withdrawn status Lost status Source of classification or shelving scheme Damaged status Not for loan Collection code Home library Current library Shelving location Date acquired Inventory number Total Checkouts Full call number Barcode Date last seen Price effective from Koha item type
          NON-FICTION AKMAL Melaka AKMAL Melaka PINJAMAN 12.05.2017 300136   345.73 RUB 201705826 12.05.2017 12.05.2017 Book
Pusat Sumber Maklumat Dato' Haji Sarmin Md Hussin, Akademi Kastam Diraja Malaysia, Melaka
Tel: 06-2331106 | Faks: 06-2313787